Zgadnij klub po fragmencie - Statystyki

Ogólne statystyki
  • Ten quiz został rozwiązany 15 razy
  • Średni wynik to 4 z 7
Statystyki odpowiedzi
Obrazkowy Odpowiedź % Poprawnych
FC Barcelona
79%
Levante UD
79%
Toulouse FC
79%
Blackburn Rovers F.C.
71%
Brentford F.C
64%
RC Strasbourg
43%
Pisa SC
21%
Nie znaleziono quizów pasujących do podanych kryteriów
Rozkład punktacji
Procent ludzi z każdym wynikiem
Percentyl według liczby udzielonych odpowiedzi
Twoja historia wyników
Nie rozwiązałeś tego quizu